| 000 | 01151nam a2200301 i 4500 | ||
|---|---|---|---|
| 005 | 20200104041608.0 | ||
| 008 | 160112s2007 xxu||||| |||| 00| 0 spa d | ||
| 040 |
_aCO-BoIAVH _cCO-BoIAVH |
||
| 041 | _aspa | ||
| 044 | _axxu | ||
| 082 | 0 | 4 |
_a333.917 _bG64g |
| 100 | 1 | _aGonzález, Ana María | |
| 245 |
_aGénero en la conservación y uso sostenible de los recursos naturales en las áreas protegidas . _bexperiencias del programa Parques en Peligro en Latinoámerica y el Caribe / _cAna María González V. and Angela Sue Martin. |
||
| 260 |
_aArlington : _bNature Conservancy, _c2007. |
||
| 300 |
_a32 páginas ; _c28 cm. |
||
| 490 | 0 | 0 | _aParques en peligro |
| 650 | 1 | 4 | _aDesarrollo sostenible |
| 650 | 2 | 4 | _aConservación de la naturaleza |
| 650 | 2 | 4 | _aProtección del medio ambiente |
| 650 | 2 | 4 | _aConservación biológica |
| 650 | 2 | 4 | _aGestión ambiental |
| 650 | 2 | 4 | _aParques naturales |
| 650 | 2 | 4 | _aÁreas de conservación de recursos naturales |
| 662 | _cAmérica Latina | ||
| 662 | _cRegión Caribe | ||
| 700 |
_aMartin, Angela Sue, _eautora. |
||
| 942 |
_cLIBRO _2ddc |
||
| 999 |
_c6305 _d6305 |
||